01446nab a22001817a 4500003000400000005001700004008004100021040000700062100002400069245007300093260007300166300001300239500004500252505070700297505008901004650002701093773014401120OSt20251215094256.0190604e xxu||||| |||| 00| 0 spa d cPJ aGullco, Hernán V.13aEl dec. 383/2025 y el principio de legalidad /cHernán V. Gullco. aCiudad Autónoma de Buenos Aires :bThomson Reuters La Ley, c2025. ap. 50-59 aCita Online: TR LALEY AR/DOC/1883/2025.  aSumario: Sumario: I. Introducción.— II. La importancia fundamental del principio de legalidad en un Estado democrático de derecho.— III. Las facultades constitucionales y legales invocadas en el dec. 383/2025.— IV. La pluralidad de fundamentos constitucionales como primer problema de validez del dec. 383/2025.— V. Las facultades legislativas delegadas previstas en el art. 76 CN.— VI. El dec. 383/2025 como el ejercicio de facultades reglamentarias del art. 99, inc. 2°, CN.— VII. El dec. 383/2025 como el ejercicio de las facultades del presidente en su carácter de "responsable político de la administración general del país" (art. 99, inc. 1°, CN).— VIII. Conclusión. t¿Te interesa el texto completo? Solicitalo al correo: koha@justierradelfuego.gov.ar 0aDERECHO CONSTITUCIONAL0 02714dCiudad Autónoma de Buenos Aires : Thomson Reuters La Ley, 2014-tRevista anales de legislación argentina. Nº 11- Noviembre 2025.